000 01295cam a22003135a 4500
999 _c27869
_d27869
001 14717641
005 20170211100922.0
008 070130s2007 ohu 000 0 eng
020 _a9780324540529 (student ed.)
020 _a0324540523 (student ed.)
020 _a9780324359299 (student ed. with CD)
020 _a0324359292 (student ed. with CD)
020 _a9780324540512 (instructor's ed.)
020 _a0324540515 (instructor's ed.)
020 _a9780324641868 (instructor's ed. with CD)
020 _a0324641869 (instructor's ed. with CD)
040 _aDLC
_cDLC
050 _aHF5351 .K87 2007
100 1 _aBoone, Louis E.
245 1 0 _aContemporary marketing /
_cLouis E. Boone, David L. Kurtz.
250 _a12th ed.
260 _aMason, OH :
_bThomson South-Western,
_c2007.
300 _ali,629p. :
_bill. ;
_c28cm.
500 _aincludes index.
942 _2lcc
_cBOOKS
_hHF5351 .K87 2007